L'astinenza sessuale : dal punto di vista clinico, psicologico, fisiologico, etico e sociale /

保存先:
書誌詳細
第一著者: Fajrajzen, Stefano (著者)
フォーマット: 図書
言語:イタリア語
出版事項: Milano : Fratelli Bocca, 1952
シリーズ:Piccola biblioteca di scienze moderne ; 506
主題:
タグ: タグ追加
タグなし, このレコードへの初めてのタグを付けませんか!

MARC

LEADER 00000nam a22000007i 4500
001 IT\ICCU\TER\0001468
003 ItRI
005 20250826152234.0
008 010628s1952 it |||||| ||||| |||||c
040 |b ita  |c ct 
041 7 |a ita  |2 ISO-639-2 
100 1 |a Fajrajzen, Stefano  |0 IT\ICCU\CUBV\061633  |4 aut 
245 1 2 |a L'astinenza sessuale :  |b dal punto di vista clinico, psicologico, fisiologico, etico e sociale /  |c Stefano Fajrajzen ; prefazione del prof. dott. M. Levi Bianchini. 
260 |a Milano :  |b Fratelli Bocca,  |c 1952 
300 |a 333 p. ;  |c 21 cm. 
650 7 |a Sessualità  |x Astinenza  |2 scbi 
830 0 |a Piccola biblioteca di scienze moderne ;  |v 506  |0 IT\ICCU\RAV\0015177 
942 |2 ddc  |c BK 
952 |0 0  |1 0  |2 ddc  |4 0  |6 B_SSA03FAJSTAST11  |7 1  |9 5669  |a MI  |b MI  |d 2005-12-28  |i 1410  |l 0  |o B-SSA03-FAJST-AST11  |p CDOM1410  |r 2025-07-13 16:28:00  |w 2025-07-13  |y BK 
981 1 |6 z01  |a i   |b xxxe  
982 1 |6 z01  |a n 
999 |c 4518  |d 4518